000 00553nam a2200229Ia 4500
003 OSt
005 20220912144328.0
006 a|||||r|||| 00| 0
007 ta
008 220909b |||||||| |||| 00| 0 eng d
020 _aSL01175363
024 _a193722
037 _cTextual
040 _aCSL
_beng
_cCSL
041 _aeng
082 _aY2:71, N9
100 _aChakrabarti DK
245 0 _aIndia An archaeological history
700 _aChakrabarti DK
942 _hY2:71, N9
_cTEXL
_2CC
999 _c5045
_d5045